| 000 | 00876cai a22002295a 4500 | ||
|---|---|---|---|
| 001 | L146004 | ||
| 008 | 081201u xxkado f s 000 0 eng d | ||
| 035 | _a(Sirsi) u146004 | ||
| 041 | 0 | _aeng | |
| 110 | 2 |
_aGlobal Property Guide _95658 |
|
| 245 | 0 | 0 |
_aGlobal property guide _h[electronic resource] |
| 520 | _aCovers global residential property market. Offers detailed guides to property ownership and investment. Includes statistics, tables and rankings (including house price costs and yields). Also includes themed research on residential topics. | ||
| 590 | _aKA | ||
| 650 | 2 | 4 | _aHOUSE PRICES |
| 650 | 2 | 4 | _aGLOBAL |
| 650 | 2 | 4 | _aRANKINGS |
| 650 | 2 | 4 | _aLEAGUE TABLES |
| 651 | 4 | _aInternational | |
| 690 |
_aResidential property _96266 |
||
| 856 | 4 | 0 |
_uhttps://www.globalpropertyguide.com/ _zView the website free of charge at www.globalpropertyguide.com... |
| 942 | _n0 | ||
| 999 |
_c120739 _d120739 |
||